000 00819cam a2200277 a 4500
001 000019498
005 20260120073950.0
008 810318s1964 sp 001 f spa d
040 _aDO-SdBNP
_bspa
_cBNPHU
082 _a863.3
_bT316m, 1964
100 1 _aTeresa de Jesús,
_cSanta,
_d1515-1582
_915863
245 1 4 _aLas moradas /
_cSanta Teresa.
250 _a7a ed.
260 _aMadrid :
_bEspasa-Calpe,
_c1964.
300 _a178, [18] p. ;
_c18 cm.
490 1 _aAustral. Gris: clásicos
_v86
650 4 _aNovela española
_91123
650 4 _aLiteratura española
_9632
650 4 _aVida religiosa
_915864
650 0 _aVida espiritual
_9268
650 4 _aLiteratura católica
_97418
650 0 _aVida cristiana
_9668
830 0 _aAustral.
_pGris: clásicos ;
_v46
_98199
910 _aWM
049 _aBNGR
999 _c19014
_d19014